000 00221nam a2200097Ia 4500
008 240331s9999 xx 000 0 und d
082 _bBAL
100 _aBalachandran,K
245 0 _aSindubairavi :
_ba film script
942 _cL
999 _c4719
_d4719